Rattlesnakes Myth and Facts - Statistics

General Stats
  • This quiz has been taken 16 times
  • The average score is 9 of 14
Answer Stats
Question Answer % Correct
People always die when they get bitten by Rattlesnakes False
100%
Rattlesnakes are at the top of the food chain False
100%
Huge Rattlesnakes will eat human babies False
100%
Rattlesnakes rattles are from keratin True
100%
Baby Rattlesnakes rattles don't start out fully grown True
100%
Baby Rattlesnakes produce more toxin than adult Rattlesnakes False
67%
Rattlesnakes lay eggs False
67%
Diamondback Rattlesnakes are not the most fatal species of Rattlesnakes True
67%
Rattlesnakes are pretty docile True
67%
Black Racer snakes eat Rattlesnakes True
67%
Gopher snakes are Closely related too Rattlesnakes False
33%
Rattlesnakes are cannibalistic True
33%
Rattlesnakes are social True
33%
Baby Rattlesnakes have pointy tails False
0%
No matching quizzes found
Score Distribution
Percent of People with Each Score
Percentile by Number Answered
Your Score History
You have not taken this quiz